| 000 | 00527nam a2200193Ia 4500 | ||
|---|---|---|---|
| 005 | 20240823032702.0 | ||
| 008 | 240823s9999||||xx |||||||||||||| ||und|| | ||
| 020 | _a978-81-315-1299-9 | ||
| 041 | _aENGLISH | ||
| 082 | _A629.353 Q0 | ||
| 100 | _aBarry Hollembeak | ||
| 245 | 0 | _aAutomotive Engineering fuels & Emissions (Classroom Manual) | |
| 250 | _a1st | ||
| 260 |
_c2010 _bCengage Learning _aNew Delhi |
||
| 500 | _aYES | ||
| 650 |
_aAutomotive Engineering _bAutomobile Engineering |
||
| 942 | _cBK | ||
| 999 |
_c194013 _d194013 |
||